000 00402nam a2200169Ia 4500
008 221030s9999 xx 000 0 und d
020 _a0070616760
041 _aEnglish
082 _a105.23
_bVee
100 _aT. Veerarajan
245 0 _aEngineering Mathematics
_cby T. Veerarajan
250 _a5th
260 _bTMH
_aNew Delhi
_c2006
300 _a9.118
650 _aBE Mathematics
942 _cBK
999 _c3357
_d3357